WODA, KTÓREJ SIĘ NIE PIJE - Statystyki

Ogólne statystyki
  • Ten quiz został rozwiązany 77 razy
  • Średni wynik to 2 z 6
Statystyki odpowiedzi
Odpowiedź % Poprawnych
DESTYLOWANA
60%
MORSKA
57%
UTLENIONA
49%
BRUDNA
42%
KOLOŃSKA
27%
KRÓLEWSKA
9%
Nie znaleziono quizów pasujących do podanych kryteriów
Rozkład punktacji
Procent ludzi z każdym wynikiem
Percentyl według liczby udzielonych odpowiedzi
Twoja historia wyników
Nie rozwiązałeś tego quizu